[Event "Valasska Bystrice op 13th"]
[Site "Valasska Bystrice"]
[Date "2022.09.13"]
[Round "5"]
[White "Hrabal, Matej"]
[Black "Karlik, Vladimir"]
[Result "0-1"]
[WhiteElo "1951"]
[BlackElo "2128"]
[PlyCount "67"]
[EventDate "2022.09.10"]
[EventType "swiss"]
[EventRounds "9"]
[EventCountry "CZE"]
[SourceTitle "CBM 210 Extra"]
[Source "ChessBase"]
[SourceDate "2022.11.30"]
[SourceVersion "1"]
[SourceVersionDate "2022.11.30"]
[SourceQuality "1"]

1. e4 c5 2. Nf3 Nc6 3. d4 cxd4 4. Nxd4 g6 5. Nc3 Bg7 6. Be3 Nf6 7. Nxc6 bxc6 8. e5 Ng8 9. Bd4 Qa5 10. f4 f6 11. exf6 Nxf6 12. Be2 0-0 13. 0-0 d5 14. Bf3 e6 15. Rb1 Ne8 16. b4 Qc7 17. Bxg7 Nxg7 18. g3 Rb8 19. Na4 Nf5 20. Re1 a5 21. bxa5 Rxb1 22. Qxb1 Qxa5 23. Nb6 Qc5+ 24. Kh1 Qd6 25. Qb2 Ba6 26. Qe5 Qxe5 27. Rxe5 Rb8 28. Nd7 Rb1+ 29. Kg2 Bf1+ 30. Kf2 Bh3 31. Nc5 Rf1+ 32. Ke2 Nd4+ 33. Kd3 Nxf3 34. Re3 0-1

[Event "CZE-chT2F 2122"]
[Site "Czech Republic"]
[Date "2021.11.07"]
[Round "2.2"]
[White "Hrabal, Matej"]
[Black "Gibiec, Ernest"]
[Result "1/2-1/2"]
[WhiteElo "1977"]
[BlackElo "2096"]
[PlyCount "44"]
[EventDate "2021.10.17"]
[EventType "team-tourn"]
[EventRounds "11"]
[EventCountry "CZE"]
[SourceTitle "EXT 2024"]
[Source "ChessBase"]
[SourceDate "2023.10.10"]
[SourceVersion "1"]
[SourceVersionDate "2023.10.10"]
[SourceQuality "1"]
[WhiteTeam "Prostejov"]
[BlackTeam "Karvina"]
[WhiteTeamCountry "CZE"]
[BlackTeamCountry "CZE"]

1. e4 d6 2. d4 Nf6 3. Nc3 g6 4. Be3 Bg7 5. f3 0-0 6. Qd2 e5 7. Nge2 exd4 8. Nxd4 Nc6 9. 0-0-0 d5 10. exd5 Nxd5 11. Nxc6 bxc6 12. Nxd5 cxd5 13. Qxd5 Rb8 14. c3 Qe8 15. Qe4 Be6 16. Bd3 Bxa2 17. Qxe8 Rfxe8 18. Rhe1 Bb3 19. Bc2 Rxe3 20. Rxe3 Bh6 21. Rde1 Re8 22. Bxb3 Rxe3 1/2-1/2

[Event "CZE-chT2E 1819"]
[Site "Czech Republic"]
[Date "2019.02.24"]
[Round "9.7"]
[White "Babula, Vlastimil1111"]
[Black "Hrabal, Matej"]
[Result "1-0"]
[WhiteElo "1865"]
[BlackElo "1797"]
[PlyCount "115"]
[EventDate "2018.10.14"]
[EventType "team-tourn"]
[EventRounds "11"]
[EventCountry "CZE"]
[SourceTitle "EXT 2022"]
[Source "ChessBase"]
[SourceDate "2021.10.06"]
[SourceVersion "1"]
[SourceVersionDate "2021.10.06"]
[SourceQuality "1"]
[WhiteTeam "Stare Mesto II"]
[BlackTeam "Prostejov"]
[WhiteTeamCountry "CZE"]
[BlackTeamCountry "CZE"]

1. e4 e5 2. Nf3 Nc6 3. Bc4 Nf6 4. d3 Be7 5. 0-0 0-0 6. Re1 d6 7. a4 Be6 8. Nbd2 h6 9. c3 Qd7 10. Bb3 a6 11. Nf1 b5 12. Ng3 Rab8 13. h3 Bxb3 14. Qxb3 Na5 15. Qd1 bxa4 16. Rxa4 Nb3 17. Rxa6 Qb5 18. Ra7 Nxc1 19. Qxc1 Rfc8 20. d4 Qxb2 21. Nf5 Bf8 22. Qe3 Rb3 23. dxe5 dxe5 24. Nxe5 Rxc3 25. Qf4 Qb4 26. Nxh6+ gxh6 27. Qxf6 Qe7 28. Qf5 Qe6 29. Qf4 Bd6 30. Qg4+ Qxg4 31. Nxg4 Kg7 32. Ra6 c6 33. f3 Bc5+ 34. Kf1 h5 35. Nf2 Rd8 36. e5 Rc2 37. Ne4 Bb4 38. Re2 Rd1+ 39. Kf2 Rcc1 40. Kg3 Be7 41. Ra7 Bb4 42. e6 Rd5 43. Rxf7+ Kg6 44. Rb7 Rb1 45. Rc7 Rc1 46. f4 Rd8 47. Rf7 Rf1 48. Rf6+ Kg7 49. Rf7+ Kg6 50. Kh4 Re8 51. Rf6+ Kg7 52. Kxh5 Rh8+ 53. Kg4 Re8 54. Rf7+ Kh6 55. Kf5 Ra1 56. Nf6 Ra5+ 57. Re5 Rxe5+ 58. fxe5 1-0

[Event "Morava-ch U16"]
[Site "Loucna nad Desnou"]
[Date "2017.10.26"]
[Round "5"]
[White "Hrabal, Matej"]
[Black "Kopec, Ladislav1111"]
[Result "1-0"]
[WhiteElo "1680"]
[BlackElo "1777"]
[PlyCount "129"]
[EventDate "2017.10.24"]
[EventType "swiss"]
[EventRounds "9"]
[EventCountry "CZE"]
[SourceTitle "EXT 2020"]
[Source "ChessBase"]
[SourceDate "2019.10.17"]
[SourceVersion "1"]
[SourceVersionDate "2019.10.17"]
[SourceQuality "1"]

1. e4 c5 2. Nf3 d6 3. d4 cxd4 4. Nxd4 Nf6 5. Nc3 a6 6. Be3 e5 7. Nb3 Be7 8. f3 Be6 9. Qd2 Nbd7 10. 0-0-0 b5 11. g4 0-0 12. g5 b4 13. Ne2 Nh5 14. Ng3 Nf4 15. Bxf4 exf4 16. Nf5 Bxg5 17. Qxd6 a5 18. Kb1 Qb6 19. Qxb6 Nxb6 20. Nbd4 Bc4 21. Nd6 Bxf1 22. Rhxf1 Nd7 23. Rg1 Bf6 24. N6f5 Kh8 25. Nc6 Ne5 26. Nxe5 Bxe5 27. Rd5 Rfe8 28. Rd7 Rf8 29. Rgd1 Bf6 30. Nd6 Kg8 31. Rd5 Rad8 32. Nb7 Rxd7 33. Rxd7 a4 34. Nc5 Ra8 35. Nd3 a3 36. e5 Bg5 37. Nxb4 axb2 38. Kxb2 h5 39. c4 Rc8 40. Kb3 Bd8 41. Rd6 Be7 42. Rd7 Bxb4 43. Kxb4 Rb8+ 44. Kc3 Rb1 45. Rd2 Rf1 46. c5 Rxf3+ 47. Kb2 Re3 48. c6 Rxe5 49. c7 Rb5+ 50. Kc1 Rc5+ 51. Rc2 Rxc7 52. Rxc7 g5 53. Kd2 Kg7 54. a4 Kg6 55. a5 g4 56. Ke2 f5 57. a6 Kg5 58. a7 f3+ 59. Kf2 Kh4 60. a8Q Kh3 61. Kg1 h4 62. Qa6 g3 63. hxg3 hxg3 64. Qh6+ Kg4 65. Rg7# 1-0

[Event "CZE-ch U12"]
[Site "Kouty nad Desnou"]
[Date "2015.03.10"]
[Round "4"]
[White "Hrabal, Matej"]
[Black "Szotkowski, David"]
[Result "1/2-1/2"]
[WhiteElo "1391"]
[BlackElo "1465"]
[PlyCount "44"]
[EventDate "2015.03.07"]
[EventType "swiss"]
[EventRounds "9"]
[EventCountry "CZE"]
[SourceTitle "EXT 2017"]
[Source "ChessBase"]
[SourceDate "2016.10.25"]
[SourceVersion "1"]
[SourceVersionDate "2016.10.25"]
[SourceQuality "1"]

1. e4 c5 2. Nf3 Nc6 3. d4 cxd4 4. Nxd4 g6 5. Be3 Nf6 6. Nc3 Bg7 7. Nb3 d6 8. Be2 0-0 9. 0-0 Be6 10. f3 Rc8 11. Qd2 d5 12. exd5 Nxd5 13. Nxd5 Bxd5 14. c3 b6 15. Rfd1 Be6 16. Qe1 Qc7 17. Nd4 Nxd4 18. Bxd4 Bxd4+ 19. Rxd4 Rfd8 20. Rxd8+ Rxd8 21. a3 Bb3 22. Bd1 Qc5+ 1/2-1/2

[Event "CZE-ch U12"]
[Site "Kouty nad Desnou"]
[Date "2015.03.09"]
[Round "3"]
[White "Stinka, Jakub"]
[Black "Hrabal, Matej"]
[Result "1-0"]
[WhiteElo "1651"]
[BlackElo "1391"]
[PlyCount "75"]
[EventDate "2015.03.07"]
[EventType "swiss"]
[EventRounds "9"]
[EventCountry "CZE"]
[SourceTitle "EXT 2017"]
[Source "ChessBase"]
[SourceDate "2016.10.25"]
[SourceVersion "1"]
[SourceVersionDate "2016.10.25"]
[SourceQuality "1"]

1. e4 e5 2. Nf3 Nc6 3. Bb5 a6 4. Ba4 Nf6 5. d3 d6 6. c3 b5 7. Bc2 Bb7 8. h3 Be7 9. Qe2 0-0 10. Nbd2 Re8 11. Nf1 Bf8 12. g4 g6 13. Ng3 Bg7 14. Bd2 a5 15. g5 Nd7 16. h4 Nf8 17. Nh2 Ne6 18. Ng4 Bc8 19. Qf3 Nf4 20. Bxf4 exf4 21. Qxf4 Bxg4 22. Qxg4 Ne5 23. Qe2 d5 24. 0-0 Qd7 25. f4 Nc6 26. Qf3 d4 27. Ne2 Rf8 28. Rad1 Rae8 29. Kg2 a4 30. a3 f6 31. Qg3 f5 32. e5 Qd5+ 33. Qf3 Qd7 34. Bb1 Kh8 35. Ba2 dxc3 36. bxc3 Nd8 37. d4 c6 38. h5 1-0

[Event "CZE-ch U10"]
[Site "Kouty nad Desnou"]
[Date "2012.03.17"]
[Round "9"]
[White "Hrabal, Matej"]
[Black "Randak, Richard"]
[Result "1-0"]
[WhiteElo "1000"]
[BlackElo "1250"]
[PlyCount "89"]
[EventDate "2012.03.10"]
[EventType "swiss"]
[EventRounds "9"]
[EventCountry "CZE"]
[SourceTitle "EXT 2013"]
[Source "ChessBase"]
[SourceDate "2012.11.22"]
[SourceVersion "1"]
[SourceVersionDate "2012.11.22"]
[SourceQuality "1"]

1. e4 c5 2. Nf3 Nc6 3. Nc3 g6 4. d4 cxd4 5. Nxd4 Bg7 6. Be3 Nf6 7. Be2 0-0 8. 0-0 d5 9. f3 dxe4 10. fxe4 Qb6 11. Qd2 Qxb2 12. Nxc6 bxc6 13. Rab1 Qa3 14. Rb3 Qa5 15. h3 Ba6 16. Bxa6 Qxa6 17. Rfb1 Qc8 18. Rb7 Rd8 19. Qe1 Rd7 20. R7b3 Qa6 21. Qc1 Qc4 22. Rb8+ Rxb8 23. Rxb8+ Rd8 24. Rxd8+ Ne8 25. Rxe8+ Bf8 26. Bh6 Qd4+ 27. Kh1 Qg7 28. Bxg7 Kxg7 29. Qb2 f6 30. Qb8 Kf7 31. Rxf8+ Ke6 32. Ne2 c5 33. Nf4+ Kd7 34. Qb7+ Kd6 35. Re8 Ke5 36. Nd3+ Kd4 37. Rxe7 Kc3 38. Rd7 Kd2 39. g3 Ke3 40. Nc1 Kf3 41. Kh2 a5 42. Qb3+ Kf2 43. Rd2+ Ke1 44. Qe3+ Kf1 45. Qf2# 1-0